000 00684nam a2200241Ia 4500
003 OSt
005 20220918192144.0
006 a|||||r|||| 00| 0
007 ta
008 220917b |||||||| |||| 00| 0 eng d
024 _a67,282
037 _cTextual
040 _aARTS
_cARTS
_beng
041 _2eng
_aeng
082 _aR2xN17, M5
100 _aVermazen Bruce ed
_978516
245 0 _aEssays on Davidson
_b actions and events
260 _aOxford
_bClarendon Press
_c1985
300 _aviii,257p.
_ccm.
700 _a Hintikka Merrill B ed
_978517
942 _hR2xN17, M5
_cTEXL
_2CC
999 _c193515
_d193515